在空白地图上画出上海所有县级行政区Counties in Shanghai with an empty map - Statistics

General Stats
  • This quiz has been taken 99 times
  • The average score is 15 of 16
Answers on the Map
Answers color-coded by a green-red scale on the quiz's map according to % correct below.
 
Answer Stats
县级 % Correct
浦东新区
100%
青浦区
97%
崇明区
94%
黄浦区
92%
静安区
92%
闵行区
92%
金山区
91%
松江区
91%
奉贤区
91%
杨浦区
89%
嘉定区
89%
徐汇区
88%
虹口区
88%
宝山区
88%
长宁区
86%
普陀区
83%
No matching quizzes found
Score Distribution
Percent of People with Each Score
Percentile by Number Answered
Your Score History
You have not taken this quiz